<?xml version="1.0" encoding="UTF-8"?>
<record
    xmlns:xsi="http://www.w3.org/2001/XMLSchema-instance"
    xsi:schemaLocation="http://www.loc.gov/MARC21/slim http://www.loc.gov/standards/marcxml/schema/MARC21slim.xsd"
    xmlns="http://www.loc.gov/MARC21/slim">

  <leader>00374nam a2200133Ia 4500</leader>
  <controlfield tag="008">221021s9999||||xx |||||||||||||| ||und||</controlfield>
  <datafield tag="020" ind1=" " ind2=" ">
    <subfield code="a">032406554X</subfield>
  </datafield>
  <datafield tag="040" ind1=" " ind2=" ">
    <subfield code="c">Chuka University Library</subfield>
  </datafield>
  <datafield tag="050" ind1=" " ind2=" ">
    <subfield code="a">HD 62.7</subfield>
    <subfield code="b">.L66 2003</subfield>
  </datafield>
  <datafield tag="100" ind1=" " ind2=" ">
    <subfield code="a">Longenecker, J. G.</subfield>
    <subfield code="9">800</subfield>
  </datafield>
  <datafield tag="245" ind1=" " ind2="0">
    <subfield code="a">Small business management: An entrepreneurial emphasis</subfield>
  </datafield>
  <datafield tag="260" ind1=" " ind2=" ">
    <subfield code="a">Mason</subfield>
    <subfield code="b">Thomson</subfield>
    <subfield code="c">2003</subfield>
  </datafield>
  <datafield tag="942" ind1=" " ind2=" ">
    <subfield code="c">BK</subfield>
  </datafield>
  <datafield tag="952" ind1=" " ind2=" ">
    <subfield code="0">0</subfield>
    <subfield code="1">0</subfield>
    <subfield code="4">0</subfield>
    <subfield code="7">0</subfield>
    <subfield code="8">LGL</subfield>
    <subfield code="a">CHK</subfield>
    <subfield code="b">CHK</subfield>
    <subfield code="c">GEN</subfield>
    <subfield code="d">2022-10-21</subfield>
    <subfield code="l">0</subfield>
    <subfield code="o">HD 62.7.L66 2003</subfield>
    <subfield code="p">4815/2009</subfield>
    <subfield code="r">2022-10-21 00:00:00</subfield>
    <subfield code="w">2022-10-21</subfield>
    <subfield code="y">BK</subfield>
  </datafield>
  <datafield tag="999" ind1=" " ind2=" ">
    <subfield code="c">724</subfield>
    <subfield code="d">724</subfield>
  </datafield>
</record>
